| 000 | 01258nam a2200229Ia 4500 | ||
|---|---|---|---|
| 003 | Ost | ||
| 005 | 20260507075006.0 | ||
| 008 | 260507s9999||||xx |||||||||||||| ||und|| | ||
| 020 | _a9773283054 | ||
| 040 | _cfsecg | ||
| 041 | _aara | ||
| 082 | _a336.014 | ||
| 100 |
_aالصغير، حسن صلاح عبد الله _eمؤلف |
||
| 245 | 0 |
_aأحكام التمويل والإستثمار ببيع السلم في الفقه الاسلامي : _bدراسة فقهية مشفوعة بقرارات المجامع الفقهية و بعض التطبيقات المعاصرة / _c حسن صلاح عبد الله الصغير |
|
| 260 |
_aالاسكندرية: _bدار الجامعة الجديدة, _c2008 |
||
| 300 |
_a133 صفحة؛ _bإيضاحات ؛ _c24 سم |
||
| 504 | _aمراجع ص.122 | ||
| 520 | _aتعريف السلم و حكمه و حكمة مشروعيته و أهميته و أركان و شروط السلم و أحكام مهمة تتعلق بعقد السلم و ضمانات التعامل بالسلم و كيفية الإفادة من عقد السلم في الاقتصاديات المعاصرة . | ||
| 653 | _aالاستثمار - فقه اسلامي | ||
| 653 | _aالتمويل - فقه اسلامي | ||
| 942 | _cكتاب | ||
| 999 |
_c42114 _d42114 |
||